000
00307nam a2200133Ia 4500
005
20260326235454.0
008
260326s9999||||xx |||||||||||||| ||und||
100
_a
Hwang, Irene
245
0
_a
Verb Natures /
_c
Irene Hwang
260
_b
ACTAR
300
_a
244 p.
650
_a
ARQUITECTURA CIVIL
942
_c
BK
999
_c
7865
_d
7865